|
|
|
|
| LEADER |
00000cam a2200000 7i4500 |
| 001 |
0000000299 |
| 005 |
20151222.0 |
| 008 |
070629 |
| 020 |
|
|
|a 9831283287
|
| 090 |
0 |
0 |
|a JF
|b MOR JAW (284)
|
| 245 |
0 |
0 |
|a Buat baik dibalas baik
|
| 260 |
|
|
|a Kuala Lumpur :
|b Fargoes ,
|c 2005
|
| 440 |
|
|
|a Siri cerita moral
|
| 500 |
|
|
|a Children ages 7-9 years old (orange)
|
| 650 |
|
0 |
|a Jawi
|
| 999 |
|
|
|a 0000899937
|b Book
|c Children Collection
|e Cawangan Mersing
|
| 999 |
|
|
|a 0000899944
|b Book
|c Children Collection
|e Cawangan Tmn. Ungku Tun Aminah
|
| 999 |
|
|
|a 0000899954
|b Book
|c Children Collection
|e Cawangan Tmn. Ungku Tun Aminah
|
| 999 |
|
|
|a 0000954699
|b Book
|c Children Collection
|e Cawangan Urban Transformation Centre
|
| 999 |
|
|
|a 0000954700
|b Book
|c Children Collection
|e Perbadanan Perpustakaan Awam Johor
|
| 999 |
|
|
|a 0000954701
|b Book
|c Children Collection
|e Perbadanan Perpustakaan Awam Johor
|
| 999 |
|
|
|a 0000954702
|b Book
|c Children Collection
|e Cawangan Urban Transformation Centre
|
| 999 |
|
|
|a 0000988431
|b Book
|c Children Collection
|e Cawangan Bukit Gambir
|
| 999 |
|
|
|a 0000988432
|b Book
|c Children Collection
|e Cawangan Bukit Gambir
|
| 999 |
|
|
|a 0001215479
|b Book
|c Children Collection
|e Cawangan Mersing
|
| 999 |
|
|
|a 0001215480
|b Book
|c Children Collection
|e Cawangan Segamat
|
| 999 |
|
|
|a 0001215481
|b Book
|c Children Collection
|e Cawangan Taman Universiti
|
| 999 |
|
|
|a 0001215485
|b Book
|c Children Collection
|e Cawangan Tmn. Ungku Tun Aminah
|
| 999 |
|
|
|a 0001215489
|b Book
|c Children Collection
|e Cawangan Taman Universiti
|
| 999 |
|
|
|a 0001215491
|b Book
|c Children Collection
|e Cawangan Bukit Gambir
|
| 999 |
|
|
|a 0001215492
|b Book
|c Children Collection
|e Cawangan Pontian
|